Interactive computer graphics : (Record no. 541877)

000 -LEADER
fixed length control field 00754cam a2200217 i 4500
020 ## - INTERNATIONAL STANDARD BOOK NUMBER
International Standard Book Number 013469189X :
082 00 - DEWEY DECIMAL CLASSIFICATION NUMBER
Classification number 006.6
Author Mark GIL
-- ML-02,P-93
100 1# - MAIN ENTRY--PERSONAL NAME
Personal name Giloi, Wolfgang.
9 (RLIN) 36947
245 10 - TITLE STATEMENT
Title Interactive computer graphics :
Remainder of title data structures, algorithms, languages /
Statement of responsibility, etc. Wolfgang K. Giloi.
260 ## - PUBLICATION, DISTRIBUTION, ETC.
Place of publication, distribution, etc. Delhi. :
Name of publisher, distributor, etc. Prentice-Hall,
Date of publication, distribution, etc. c1988.
300 ## - PHYSICAL DESCRIPTION
Extent xiii, 354 p. :
Other physical details ill. ;
Dimensions 24 cm.
500 ## - GENERAL NOTE
General note Includes index.
526 ## - STUDY PROGRAM INFORMATION NOTE
Program name 0
Interest level 0
Reading level 0
Title point value 006_600000000000000_GIL
650 #0 - SUBJECT ADDED ENTRY--TOPICAL TERM
Topical term or geographic name entry element Algorithms.
9 (RLIN) 13771
650 #0 - SUBJECT ADDED ENTRY--TOPICAL TERM
Topical term or geographic name entry element Computer graphics.
9 (RLIN) 1225
650 #0 - SUBJECT ADDED ENTRY--TOPICAL TERM
Topical term or geographic name entry element Data structures (Computer science)
9 (RLIN) 3010
650 #0 - SUBJECT ADDED ENTRY--TOPICAL TERM
Topical term or geographic name entry element Interactive computer systems.
9 (RLIN) 36948
650 #0 - SUBJECT ADDED ENTRY--TOPICAL TERM
Topical term or geographic name entry element MCE
9 (RLIN) 379
650 #0 - SUBJECT ADDED ENTRY--TOPICAL TERM
Topical term or geographic name entry element Programming languages (Electronic computers)
9 (RLIN) 3683
942 ## - ADDED ENTRY ELEMENTS (KOHA)
Source of classification or shelving scheme
Koha item type Book
Holdings
Withdrawn status Lost status Source of classification or shelving scheme Damaged status Not for loan Permanent Location Current Location Date acquired Total Checkouts Full call number Barcode Date last seen Price effective from Koha item type
          Military College of Engineering (MCE) Military College of Engineering (MCE) 09/05/2013   006.6 GIL MCE-24327 09/05/2013 09/05/2013 Book
© 2023 Central Library, National University of Sciences and Technology. All Rights Reserved.